| 000 | 00458nam a2200193Ia 4500 | ||
|---|---|---|---|
| 008 | 210210b1942 xxu||||| |||| 00| 0 eng d | ||
| 041 | _aeng | ||
| 082 | _a829/340 | ||
| 100 | _aDUDELY (Owen Francis) | ||
| 245 | _aTremaynes and the masterful monk | ||
| 260 |
_aLondon _bLongman Green & Co. _c1942 |
||
| 650 | _aTremaynes | ||
| 650 | _athe | ||
| 650 | _amonk | ||
| 650 | _amasterful | ||
| 650 | _aand | ||
| 690 | _aEnglish Fiction | ||
| 906 | _a016944 | ||
| 999 |
_c136874 _d136874 |
||